000 00275nam a2200121Ia 4500
008 190216s9999||||xx |||||||||||||| ||und||
100 _aSankaran S
245 0 _aMacroeconomics
260 _bMargham Publications
_c1991
300 _a309p
650 _aEconomics
942 _cBK
999 _c10376
_d10376